Municipal utilities and covid-19: Challenges, responses, and collaboration (Record no. 517711)

000 -LEADER
fixed length control field 01523nam a22001577a 4500
008 - FIXED-LENGTH DATA ELEMENTS--GENERAL INFORMATION
fixed length control field 210724b ||||| |||| 00| 0 eng d
100 ## - MAIN ENTRY--PERSONAL NAME
Personal name Switzer, D., Wang, W. and Hirschvogel, L.
245 ## - TITLE STATEMENT
Title Municipal utilities and covid-19: Challenges, responses, and collaboration
260 ## - PUBLICATION, DISTRIBUTION, ETC. (IMPRINT)
Place of publication, distribution, etc American Review of Public Administration
300 ## - PHYSICAL DESCRIPTION
Extent 50(6-7), Aug-Oct, 2020: p.577-583
520 ## - SUMMARY, ETC.
Summary, etc The COVID-19 pandemic has put pressure on essential public services. While much of the economy has been shut down, essential public services have continued. Using professional experience, publicly available information, and interviews with two municipal utility managers, we evaluate the challenges presented to municipal utility services by the COVID-19 pandemic and explore some of the responses by utilities to the pandemic. Specifically, we focus on the strategies utilities have used to keep employees safe from the virus and plans for workforce shortages. One important strategy we identify is reliance on mutual aid agreements, where utilities agree to send staff and equipment to other utilities in times of crisis. We also explore the role of a municipal utility association in coordinating response. The case of utility response to COVID-19 carries important potential implications for both public administration practice and research. - Reproduced
650 ## - SUBJECT ADDED ENTRY--TOPICAL TERM
Topical term or geographic name as entry element COVID-19, Utilities, Collaboaration
9 (RLIN) 25695
773 ## - HOST ITEM ENTRY
Main entry heading American Review of Public Administration
906 ## - LOCAL DATA ELEMENT F, LDF (RLIN)
Subject DIP COVID 19 PANDEMIC
942 ## - ADDED ENTRY ELEMENTS (KOHA)
Item type Articles
Holdings
Withdrawn status Lost status Source of classification or shelving scheme Damaged status Not for loan Permanent location Current location Date acquired Serial Enumeration / chronology Barcode Date last seen Koha item type
          Indian Institute of Public Administration Indian Institute of Public Administration 2021-07-24 50(6-7), Aug-Oct, 2020: p.577-583 AR124972 2021-07-24 Articles

Powered by Koha